000 00714nam1a22002171 4500
001 rc\3611982
005 20130115143721.5
035 _a(NLR Aleph) 007712865
090 _a6867168
_c6867168
100 _a20130115g1970 |||y0rusy50 ca
101 0 _arus
102 _aRU
105 _a z |||||
200 1 _aРадиотехнические цепи и сигналы
_eКонспект лекций
_eТема 1-
_fВоен. командная акад. противовоздуш обороны. Кафедра № 10
210 _aКалинин
_cБ. и.
_d1970-
700 1 _aКаев
_bС. Я.
801 0 _aRU
_bNLR
_gpsbo
801 1 _aRU
_bELAR
_2rusmarc
852 _aNLR
_j70-8/469
942 _cBOOK
980 _aNB